[Event "Igualada op 15th"]
[Site "Igualada"]
[Date "2020.02.29"]
[Round "8"]
[White "Valarezo Ricard, Pedro"]
[Black "Sola Sendra, Francesco"]
[Result "1-0"]
[WhiteElo "1720"]
[BlackElo "1676"]
[PlyCount "101"]
[EventDate "2020.01.11"]
[EventType "swiss"]
[EventRounds "8"]
[EventCountry "ESP"]
[SourceTitle "CBM 195 Extra"]
[Source "ChessBase"]
[SourceDate "2020.05.31"]
[SourceVersion "1"]
[SourceVersionDate "2020.05.31"]
[SourceQuality "1"]

1. d4 d5 2. c3 Nf6 3. Nf3 e6 4. Bg5 Be7 5. Nbd2 b6 6. e3 Nbd7 7. Bb5 0-0 8. h4 Ne4 9. Bc6 Rb8 10. Nxe4 dxe4 11. Bxe4 f5 12. Bd3 Nf6 13. Qb3 Qe8 14. Bxf5 Nd5 15. Bxe7 Rxf5 16. Bg5 Rxf3 17. gxf3 Qf7 18. c4 Qxf3 19. Rg1 Nf6 20. Qb5 Bd7 21. Qe5 Rf8 22. Qf4 Ne4 23. Qxf3 Rxf3 24. Rg2 Rf5 25. f4 Kf7 26. 0-0-0 Bc6 27. Rh2 Nd6 28. b3 Bf3 29. Rf1 Bb7 30. Bd8 c6 31. Bc7 Ne4 32. Rg1 c5 33. Be5 Nf6 34. Rg5 cxd4 35. Rxf5 exf5 36. Bxf6 Kxf6 37. exd4 Be4 38. Kd2 Bb1 39. Kc3 Kg6 40. h5+ Kf6 41. d5 Be4 42. Kd4 g5 43. hxg6 hxg6 44. Re2 Bb1 45. Re6+ Kf7 46. a3 Ba2 47. Kc3 Bb1 48. Re1 Be4 49. Rxe4 fxe4 50. Kd4 e3 51. Kxe3 1-0

[Event "Igualada op 15th"]
[Site "Igualada"]
[Date "2020.02.01"]
[Round "4"]
[White "Sola Sendra, Francesco"]
[Black "Pinyol I Llora, Julia"]
[Result "1/2-1/2"]
[WhiteElo "1676"]
[BlackElo "1631"]
[PlyCount "54"]
[EventDate "2020.01.11"]
[EventType "swiss"]
[EventRounds "8"]
[EventCountry "ESP"]
[SourceTitle "CBM 195 Extra"]
[Source "ChessBase"]
[SourceDate "2020.05.31"]
[SourceVersion "1"]
[SourceVersionDate "2020.05.31"]
[SourceQuality "1"]

1. Nf3 d5 2. d4 Nf6 3. c4 c6 4. g3 e6 5. Bg2 dxc4 6. Ne5 Bb4+ 7. Nc3 Nd5 8. 0-0 Nxc3 9. bxc3 Bxc3 10. Rb1 Qxd4 11. Qxd4 Bxd4 12. Nxc4 0-0 13. Nd6 Bb6 14. h4 Nd7 15. Rd1 Nf6 16. Bg5 Nd5 17. Bxd5 exd5 18. Be7 Rb8 19. Bxf8 Kxf8 20. Nxc8 Rxc8 21. Kg2 Re8 22. Kf3 Re4 23. h5 f5 24. e3 Ke7 25. Rg1 Rg4 26. Rb2 Kf6 27. Rgb1 Ra4 1/2-1/2

[Event "Vallfogona rapid op 27th"]
[Site "Vallfogona de Balaguer"]
[Date "2019.09.22"]
[Round "1"]
[White "Sola Sendra, Francesco"]
[Black "Henriquez Villagra, Cristobal"]
[Result "0-1"]
[WhiteElo "1689"]
[BlackElo "2587"]
[PlyCount "52"]
[EventDate "2019.09.22"]
[EventType "swiss (rapid)"]
[EventRounds "9"]
[EventCountry "ESP"]
[SourceTitle "EXT 2020"]
[Source "ChessBase"]
[SourceDate "2019.10.17"]
[SourceVersion "1"]
[SourceVersionDate "2019.10.17"]
[SourceQuality "1"]

1. Nf3 Nf6 2. d4 d5 3. c4 c6 4. g3 Bg4 5. Bg2 e6 6. 0-0 Nbd7 7. b3 Be7 8. Bb2 0-0 9. Nbd2 Bh5 10. Re1 Ne4 11. Nf1 a5 12. a3 f5 13. cxd5 exd5 14. Ne5 Nxe5 15. dxe5 Qb6 16. Bd4 c5 17. Bxe4 fxe4 18. Bb2 d4 19. Nd2 Bg6 20. Nc4 Qe6 21. f4 e3 22. Bxd4 cxd4 23. Qxd4 Rfd8 24. Qxe3 b5 25. Nd2 Qd5 26. Nf3 Bc5 0-1

[Event "Vallfogona rapid op 21st"]
[Site "Vallfogona de Balaguer"]
[Date "2013.09.21"]
[Round "1"]
[White "Narciso Dublan, Marc"]
[Black "Sola Sendra, Francesco"]
[Result "1-0"]
[WhiteElo "2509"]
[BlackElo "1829"]
[PlyCount "57"]
[EventDate "2013.09.21"]
[EventType "swiss (rapid)"]
[EventRounds "11"]
[EventCountry "ESP"]
[SourceTitle "CBM 156 Extra"]
[Source "ChessBase"]
[SourceDate "2013.10.22"]
[SourceVersion "1"]
[SourceVersionDate "2013.10.22"]
[SourceQuality "1"]

1. d4 d5 2. c4 e6 3. Nc3 Nf6 4. cxd5 Nxd5 5. e4 Nxc3 6. bxc3 Be7 7. Nf3 0-0 8. Bc4 Nd7 9. 0-0 Nf6 10. Qe2 a6 11. a4 Bd7 12. Ne5 c6 13. a5 Be8 14. Rd1 Nd7 15. Nd3 b5 16. axb6 Qxb6 17. Be3 c5 18. Rdb1 Qc7 19. Rxa6 Rxa6 20. Bxa6 Qa5 21. Bb5 Qxc3 22. dxc5 Nf6 23. Rc1 Qa5 24. Bxe8 Rxe8 25. f3 Rc8 26. Qb2 Qa4 27. Qb7 Re8 28. c6 Bd6 29. c7 1-0

[Event "Mollerussa op-B"]
[Site "Mollerusa"]
[Date "1997.??.??"]
[Round "2"]
[White "Hernandez Guerrero, Andreu"]
[Black "Sola Sendra, Francesco"]
[Result "0-1"]
[WhiteElo "1835"]
[BlackElo "1870"]
[PlyCount "80"]
[EventDate "1997.??.??"]
[EventType "swiss"]
[EventRounds "8"]
[EventCountry "ESP"]
[SourceTitle "EXT 2003"]
[Source "ChessBase"]
[SourceDate "2002.11.25"]
[SourceVersion "1"]
[SourceVersionDate "2002.11.25"]
[SourceQuality "1"]

1. c4 Nf6 2. d3 d6 3. Nc3 g6 4. g3 Bg7 5. Bg2 0-0 6. e3 c6 7. Nge2 Na6 8. Rb1 Nc5 9. b4 Ne6 10. 0-0 Ng5 11. b5 Nh3+ 12. Kh1 Qc7 13. Ng1 Nxf2+ 14. Rxf2 Ng4 15. Rc2 Bxc3 16. Bb2 Nxe3 17. Qe2 Bxb2 18. Rcxb2 Nxg2 19. Kxg2 cxb5 20. cxb5 b6 21. Rc2 Bb7+ 22. Nf3 Qd7 23. a4 Rac8 24. Rbc1 Rxc2 25. Rxc2 Rc8 26. Kf2 Rxc2 27. Qxc2 Qf5 28. Qe2 g5 29. Qe3 h6 30. Ke2 Bxf3+ 31. Qxf3 Qxf3+ 32. Kxf3 Kg7 33. Ke4 e6 34. d4 f5+ 35. Kf3 Kf6 36. h3 h5 37. g4 hxg4+ 38. hxg4 fxg4+ 39. Kxg4 e5 40. dxe5+ dxe5 0-1